30 odas selectas de Horacio
Guardat en:
| Autor principal: | |
|---|---|
| Format: | Llibre |
| Idioma: | espanyol |
| Publicat: |
Barcelona
Bosch
1942
|
| Matèries: | |
| Etiquetes: |
Afegir etiqueta
Sense etiquetes, Sigues el primer a etiquetar aquest registre!
|
MARC
| LEADER | 00000nam a2200000 a 4500 | ||
|---|---|---|---|
| 001 | UCT5037 | ||
| 003 | CL-VaPUC | ||
| 008 | 961129e19420000SP |||||||||||||||||spa|d | ||
| 082 | 0 | 4 | |a 871 |b TOR |2 21 |
| 100 | 0 | |a Torner Soler, Román |e author |9 374271 | |
| 245 | 1 | 0 | |a 30 odas selectas de Horacio |
| 300 | |a 150 p | ||
| 942 | |c BK | ||
| 945 | |d 19961129 00:00:00 |a rleighto | ||
| 260 | |a Barcelona |b Bosch |c 1942 | ||
| 650 | 7 | |a POESIAS LATINAS |2 CL-VaPUC |9 374272 | |
| 583 | |a last modification |c 19961129 00:00:00 |k Rodrigo Vera | ||
| 999 | |c 254062 |d 254060 | ||
| 952 | |0 0 |1 0 |4 0 |6 871_000000000000000_TOR_1942 |7 0 |8 A |9 275430 |a BIBEDU |b BIBEDU |d 2019-11-19 |i 3254089 |o 871 TOR 1942 |p 3254089 |r 2019-11-19 |w 2019-11-19 |y BK |k LIT | ||